000 00985nam a2200289 i 4500
003 EG-GICUC
005 20260121165210.0
008 260121s1923 sz ||||fr ||| 00| 0 fre d
040 _aEG-GICUC
_cEG-GICUC
_dEG-GICUC
_erda
_bfre
041 0 _afre
082 0 4 _221
_a341.22
_bSE . O
092 0 4 _221
099 _aLaw1 11 341.22 SE . O 1923
110 _aLa Société Des Nations
_bSection D’Information, Secrétariat De La Société Des Nation
_eAuteur
245 1 2 _aDe Indis Et De Ivre Belli Relectiones /
_cErnest Nys .
264 0 _aWashington :
_bLa Société Des Nations ,
_c1923 .
300 _amultipartite ;
_c30 cm.
_billustration ;
336 _atext
_2rda content
337 _aComputer
_2rda media
338 _aOnline Resource
_2rda carrier
546 _aTexte en français
650 0 4 _aDroit international public
650 0 4 _aSociété des Nations
856 _uhttps://fll.law.cu.edu.eg/fulltext/th/B11-05169.pdf
905 _a59
942 _2ddc
_cBK
_e21
_n0
999 _c58510
_d58510